000 00625nam a22002057a 4500
003 OSt
005 20171207144059.0
008 171207b xxu||||| |||| 00| 0 eng d
040 _aBMC
_cBMC
082 _aMx862 (obra)
100 1 _930717
_aCasona, Alejandro
_d1903-1965
245 1 0 _aProhibido suicidarse en primavera
_b; Los arboles mueren de pie
_cAlejandro Casona
250 _a4ª ed
260 _aSan Salvador
_bJuridica salvadoreña
_c2013
300 _a184 p.
_c18 cm
490 _aPensamiento
500 _aEn la port.: con guía de trabajo
650 2 4 _929575
_aTeatro mexicano
942 _2ddc
_cBK
_hprozim
999 _c28740
_d28740